01625nam a2200241Ia 4500001000600000003000900006008004100015040001300056040001300069041001300082100001600095100002900111245002500140245002500165250001100190260001100201260001800212260004900230300005700279500098100336650003501317650003101352A0832IT-RoPAU130308s9999 xx 000 0 und d aIT-RoPAU cIT-RoPAU aFRANCESE aKamel Raouf gCodice Aut. SPICS: 34705 aMicros de Babel (Le) bMicros de Babel (Le) a1a ed. aGENEVE bGeorg Editeur c1987 [1° Ed.:1987 - Ed.Ling.Originale:1987] a"320 p. (prefazione: no ; testo: 320 [pagine: 0-0])" aRacconto degli incontri importanti Dove si Costruisce la Storia. Interminabili procedure Destinate Ad Elaborare una Organizzazione planetaria Migliore. Retroscena della Politica internazionale raccontati con Umanità e Humor. conferenza Reale in Marocco. conferenza regionale dell'organizzazione Mondiale della Sanità a Bagdad. Prima conferenza dei paesi Non Allineati a Berlgrado. conferenza del Movimento di Solidarietà dei Popoli Afro Asiatici a Bandoeng in Indonesia. museo a Singapore. conferenza di Ganefos. conferenza Unesco Sull'Educazione delle Giovani Nei paesi Arabi. Addis Abeba e l'organizzazione dell'Unità Africana. Tanzania Gana Algeria Kinshasa e Teheran. Interprete di Nasser. Edgard Faure. Marien Ngouabi. Roger Garaudy. Jean Bedel Bocassa. Moussa Traore'. Fine di Nasser. conferenza Sulla Pulizia dell'ambiente e della Circolazione. Primo Sommet Islamico. Giappone. Conferenzainternazionale del Lavoro. trilogia New Yorkaise. consiglio di Sicurezza. aSAGGI DI COMUNICAZIONE SOCIALE eCodice materia Spics: 3807